Jeux de société avec ou sans dés - Clic Quiz - Statistiques

Statistiques générales
  • Ce quiz a été pris 484 fois
  • Le résultat moyen est 23 sur 30
Statistiques - réponses
Hint Réponse % Correct
Puissance 4 NON
94%
Jeu des 7 familles NON
93%
Uno NON
92%
Bataille navale NON
92%
La bataille NON
92%
Monopoly OUI
92%
La bonne paye OUI
91%
Les petits chevaux OUI
91%
Scrabble NON
90%
Jeu de l'oie OUI
90%
Tarot NON
89%
Mastermind NON
87%
Belote NON
85%
Dobble NON
84%
Docteur Maboul NON
83%
Trivial Pursuit OUI
83%
Skyjo NON
81%
Rummikub NON
81%
Poker NON
80%
Yam's OUI
79%
Bridge NON
77%
Cluedo OUI
75%
Les osselets NON
73%
Rami NON
72%
421 OUI
64%
Labyrinthe NON
53%
Nain jaune NON
52%
Destins NON
48%
SOS Ouistiti OUI
48%
Panic Cafard OUI
40%
Aucun quiz correspondant
Distribution des résultats
% des personnes avec chaque résultat
Percentile par nombre de réponses
Votre historique - résultats
Vous n’avez pas pris ce quiz